Do jedzenia na literę K - Statystyki

Ogólne statystyki
  • Ten quiz został rozwiązany 354 razy
  • Średni wynik to 7 z 20
Statystyki odpowiedzi
Odpowiedź % Poprawnych
Kapusta
69%
Kiwi
55%
Kiełbasa
54%
Kalafior
50%
Kasza
50%
Kurczak
45%
Kanapka
43%
Kalarepa
34%
Kukurydza
33%
Kaszanka
31%
Kabanos
28%
Karp
28%
Kokos
28%
Karkówka
25%
Krewetki
22%
Kawior
21%
Kapuśniak
19%
Kartofle
19%
Kopytka
17%
Kremówka
8%
Nie znaleziono quizów pasujących do podanych kryteriów
Rozkład punktacji
Procent ludzi z każdym wynikiem
Percentyl według liczby udzielonych odpowiedzi
Twoja historia wyników
Nie rozwiązałeś tego quizu